LEADER 01923nam0-2200649 --450 001 9910631799803321 005 20221216165040.0 035 $a(DLC) 76436588 035 $a(OCoLC)3935215 100 $a20221212d1967----kmuy0itay5050----ba 101 0 $aita 200 1 $aEdictum Theodorici$fGiulio Vismara 210 $aMediolani$cGiuffre?$d1967 215 $a191 p.$d24 cm 225 1 $aIus Romanum Medii Aevi$vpars I, 2 b aa 320 $aIncludes bibliographical references 676 $a348$v23$zita 700 1$aVismara,$bGiulio$0211160 801 0$aIT$bUNINA$gRICA$2UNIMARC 901 $aBK 912 $a9910631799803321 952 $aV H 342$b93245$fFGBC 952 $aV H 343$b93246$fFGBC 952 $aV H 344$b93247$fFGBC 952 $aV H 345$b93248$fFGBC 952 $aV H 346$b93249$fFGBC 952 $aV H 347$b93250$fFGBC 952 $aV H 348$b93251$fFGBC 952 $aV H 349$b93252$fFGBC 952 $aV H 350$b93253$fFGBC 952 $aV H 351$b93254$fFGBC 952 $aV H 352$b93255$fFGBC 952 $aV H 353$b93256$fFGBC 952 $aV H 354$b93257$fFGBC 952 $aV H 355$b93258$fFGBC 952 $aV H 356$b93259$fFGBC 952 $aV H 357$b93260$fFGBC 952 $aV H 358$b93261$fFGBC 952 $aV H 359$b93262$fFGBC 952 $aV H 360$b93263$fFGBC 952 $aV H 361$b93264$fFGBC 952 $aV H 362$b93265$fFGBC 952 $aV H 363$b93266$fFGBC 952 $aV H 364$b93267$fFGBC 952 $aV H 365$b93268$fFGBC 952 $aV H 366$b93269$fFGBC 952 $aV H 367$b93270$fFGBC 952 $aV H 368$b93271$fFGBC 952 $aV H 369$b93272$fFGBC 952 $aV H 370$b93273$fFGBC 952 $aV H 371$b93274$fFGBC 952 $aV H 372$b93275$fFGBC 952 $aV H 373$b93276$fFGBC 952 $aV H 374$b93277$fFGBC 959 $aFGBC 996 $aEdictum Theodorici$92982454 997 $aUNINA LEADER 01441nas 22004213a 450 001 996211121703316 005 20240413023044.0 035 $a(CKB)110978978956242 035 $a(CONSER)sn-87007724- 035 $a(EXLCZ)99110978978956242 100 $a19871201a19889999 --- a 101 0 $aeng 181 $ctxt$2rdacontent 182 $cc$2rdamedia 183 $acr$2rdacarrier 200 00$aAdvanced coatings & surface technology 210 $a[Englewood, NJ $cTechnical Insights, Inc.$dc1988]- 215 $a1 online resource 300 $aTitle from caption. 300 $aIssues for have title: Advanced coatings & surface technology. 300 $a"A monthly intelligence service from Technical Insights, Inc." 300 $aRefereed/Peer-reviewed 311 08$aPrint version: Advanced coatings & surface technology. 0896-422X (DLC)sn-87007724- (OCoLC)17156963 517 1 $aAdvanced coatings and surface technology 531 $aADVANCED COATINGS AND SURFACE TECHNOLOGY 531 0 $aAdv. coat. surf. technol. 606 $aPaint$vPeriodicals 606 $aVarnish and varnishing$vPeriodicals 606 $aCoatings$vPeriodicals 615 0$aPaint 615 0$aVarnish and varnishing 615 0$aCoatings 676 $a667 906 $aJOURNAL 912 $a996211121703316 920 $aexl_impl conversion 996 $aAdvanced coatings & surface technology$92335895 997 $aUNISA